000 01018nam a2200265 4500
001 180190
003 ES-MaACL
005 20230906221027.0
007 t|
008 120516s1909 sp r ||||1| spa d
080 _a738.033.5(460.313 Manises)
080 _a728.81(450.721 N.)
100 1 _aOsma, G. J. de.
_987757
245 1 4 _aLas divisas del Rey en los pavimentos de "obra de Manises" del castillo de Nápoles
_b: (años 1446-1458) /
_cpor G.J. de Osma.
260 _aMadrid :
_b[s.n.],
_c1909 (
_fImp. de Hijos de Manuel Ginés)
300 _a88 p. :
_bil. ;
_c29 cm.
490 1 _aApuntes sobre cerámica morisca. Textos y documentos valencianos ;
_v3
500 _aEjemplar numerado, nº 108.
610 2 4 _aCastel Nuovo (Nápoles)
_9150014
650 4 _aCerámica de Manises.
_9149913
651 4 _aNápoles-
_xEdificios, estructuras, etc.
_9150015
830 0 _aApuntes sobre cerámica morisca. Textos y documentos valencianos ;
_v3
_9191198
852 _aES-MaACL
_jB-11471(3)
999 _c180190
_d180190